01034pam a2200265 a 4500001000700000003001000007005001700017008004100034010001700075020001500092040001400107050002100121082002200142100002200164245006100186250001200247260003700259300004500296500013900341504003900480650002600519700003000545856010400575856008900679479086NUST-PNEC20170116180706.0840418s1986 nyua b 001 0 eng  a 84009708  a0070333025 aDLCcPNEC00aTJ900b.P79 198600a621.60202 KAR219 aKarassik, Igor J.00aPump handbook /cedited by Igor J. Karassik ... [et al.] a2nd ed. aNew York :bMcGraw-Hill,cc1986. a1 v. (various pagings) :bill. ;c24 cm. ahttp://www.amazon.com/Pump-Handbook-Igor-J-Karassik/dp/0070333025/ref=sr_1_1?s=books&ie=UTF8&qid=1411634932&sr=1-1&keywords=0070333025 aIncludes bibliographies and index. 0aPumping machineryxME1 aKarassik, Igor J.,d1911-423Contributor biographical informationuhttp://www.loc.gov/catdir/enhancements/fy0602/84009708-b.html423Publisher descriptionuhttp://www.loc.gov/catdir/enhancements/fy0602/84009708-d.html